000
00307nam a22001337a 4500
020
_a
81-243-0164-6
082
_a
823
_b
SAM/V
100
_a
SAMPAT, C K
245
_a
VIKAS STORIES FOR CHILDREN
260
_a
MUMBAI
_b
NAVEET PUBLICATIONS
300
_a
32
650
_a
ENGLISH SHORT STORY
_z
MUMBAI
942
_c
BK
999
_c
3346
_d
3346